000 00312nam a22001337a 4500
008 170824b xxu||||| |||| 00| 0 eng d
020 _a0201129108
041 _aeng
080 _a51
100 _a38
101 _aMAT
245 _aA CONCRETE APPROACH TO MATHEMATICAL MODELLING
_cGIBBONS,M.M
942 _2udc
_cBK
999 _c24899
_d24899